University Home | Library Home | Institutional Repository

Privileged communications between physician and patient / (Record no. 185559)

MARC details
000 -LEADER
fixed length control field 00887cam0a220026500 4500
001 - CONTROL NUMBER
control field qce01025882
005 - DATE AND TIME OF LATEST TRANSACTION
control field 20190830104217.0
008 - FIXED-LENGTH DATA ELEMENTS--GENERAL INFORMATION
fixed length control field 750725s1958 ilu 001 0 eng
010 ## - LIBRARY OF CONGRESS CONTROL NUMBER
LC control number 58008418 /L
035 ## - SYSTEM CONTROL NUMBER
System control number (Sirsi) r111613
035 ## - SYSTEM CONTROL NUMBER
System control number (QCAT)lss00913343
035 ## - SYSTEM CONTROL NUMBER
System control number (UPRA)qce01025882
040 ## - CATALOGING SOURCE
Modifying agency UPRA
043 ## - GEOGRAPHIC AREA CODE
Geographic area code n-us---
100 1# - MAIN ENTRY--PERSONAL NAME
Personal name DeWitt, Clinton, 1888-
Dates associated with a name DeWitt, Clinton, 1888-
Linkage A72357.1
245 10 - TITLE STATEMENT
Title Privileged communications between physician and patient /
Statement of responsibility, etc. by Clinton DeWitt.
260 ## - PUBLICATION, DISTRIBUTION, ETC.
Place of publication, distribution, etc. Springfield, IL :
Name of publisher, distributor, etc. Thomas,
Date of publication, distribution, etc. c1958.
504 ## - BIBLIOGRAPHY, ETC. NOTE
Bibliography, etc. note Includes index.
504 ## - BIBLIOGRAPHY, ETC. NOTE
Bibliography, etc. note Bibliographical footnotes.
650 #2 - SUBJECT ADDED ENTRY--TOPICAL TERM
Topical term or geographic name entry element Physician-patient relations
Linkage S19110.1
650 #2 - SUBJECT ADDED ENTRY--TOPICAL TERM
Topical term or geographic name entry element Ethics, Medical
Linkage S720.1
949 ## - LOCAL PROCESSING INFORMATION (OCLC)
a KB203
w lcc
i 33729001494116
m MAIN
p 2500
t BOOK
l ON-SHELF
949 ## - LOCAL PROCESSING INFORMATION (OCLC)
a KB203
w lcc
i 33729001494124
m MAIN
p 2500
t BOOK
l ON-SHELF

No items available.

© 2026 - The University of Zambia Library - Koha v25.11